000 00646nam a2200217 a 4500
005 20240228064236.0
008 160503s2009 es r 000 0 spa d
020 _a9788484125006
035 _aUPN01000210074
049 _aI
050 4 _aPQ6668 I5
_bS5.6
100 1 _aRío, Carmina del
_932941
245 1 0 _aSi no como, no engordaré, ¿no? /
_cCarmina del Río.
260 _aBarcelona, Esp. :
_bSalvatella,
_c2009.
300 _a31 p. :
_bil. col.
440 0 _aMi amigo el genio ;
_v3
650 4 _aNUTRICION -
_vLITERATURA INFANTIL
_924963
650 4 _aLibros y lectura para niños
_92290
905 _aInfantil
999 _c182175
_d182175